000 00790nam a2200301Ia 4500
003 OSt
005 20220912144548.0
006 a|||||r|||| 00| 0
007 ta
008 220909b |||||||| |||| 00| 0 eng d
020 _aSL00859640
024 _a188667
037 _cTextual
040 _aCSL
_beng
_cCSL
041 _aeng
082 _aY12, M4
100 _aPandey Rajendra
245 0 _aSociology of youth
260 _aNew Delhi
_b Sterling
_c1984
300 _axx,188p.
500 _aInclude bibliographical references.; Appendix 153-184p.; Index 185-187p.
650 _a Youth- sociology
650 _aSociology
700 _aPandey Rajendra
942 _hY12, M4
_cTEXL
_2CC
999 _c12118
_d12118